00342nam a2200109Ia 4500008004100000082001400041100003800055245005800093260002100151300001100172650004900183120622s9999 xx 000 0 und d a823 H986u aHuxley, Aldous Leonard, 1894-1963 aUn mundo feliz / Aldous Huxley ; tr. Luys Santamarina aMéxico : Epoca a253 p. a1. NOVELA INGLESA \ 2. LITERATURA INGLESAÌ